00507nam a2200145Ia 4500008004100000040001800041041000800059100002700067245012200094260004300216300001600259650003100275650002600306700002900332130821s1940 sp gr spa  aCo-BoUCMbspa00aspa1 aPérez Mier, Laureano10aIglesia y estado nuevo; los concordatos ante el moderno derechocLaureano Pérez Mier ; prólogo de E. F. Regatillo aMadrid (España)bEdiciones FAXc1940 a[1 volumen]04aIglesia y EstadozColombia04aConcordatoszColombia1 aRegatillo, E. Fepról.